| 000 | 00475nam a2200193Ia 4500 | ||
|---|---|---|---|
| 008 | 210210b1941 xxu||||| |||| 00| 0 eng d | ||
| 041 | _aeng | ||
| 082 | _a425/336 | ||
| 100 | _aWOOD (F T) | ||
| 245 | _aOutline history of English language | ||
| 260 |
_aLondon _bThe Macmillan Company of India Limited _c1941 |
||
| 650 | _aOutline | ||
| 650 | _aof | ||
| 650 | _alanguage | ||
| 650 | _ahistory | ||
| 650 | _aEnglish | ||
| 690 | _aEnglish Language | ||
| 906 | _a006112 | ||
| 999 |
_c129177 _d129177 |
||